UM Logo

Technological difficulties of middle-aged bookkeepers / (Record no. 20366)

MARC details
000 -LEADER
fixed length control field 00616nam a22001697a 4500
005 - DATE AND TIME OF LATEST TRANSACTION
control field 20250214142720.0
008 - FIXED-LENGTH DATA ELEMENTS--GENERAL INFORMATION
fixed length control field 240812b ||||| |||| 00| 0 eng d
082 ## - DEWEY DECIMAL CLASSIFICATION NUMBER
Edition number 2023
Classification number UT
100 ## - MAIN ENTRY--PERSONAL NAME
Personal name Maghanoy, Rayjane R.
9 (RLIN) 57457
245 ## - TITLE STATEMENT
Title Technological difficulties of middle-aged bookkeepers /
Statement of responsibility, etc. Rayjane R. Maghanoy, Cliff Van Niño E. Pejo, and Jusyl Y. Gargar
260 ## - PUBLICATION, DISTRIBUTION, ETC. (IMPRINT)
Place of publication, distribution, etc. Digos City :
Name of publisher, distributor, etc. UMDC,
Date of publication, distribution, etc. March 2023.
300 ## - PHYSICAL DESCRIPTION
Extent viii, 47 pages :
Dimensions 30 cm.
650 ## - SUBJECT ADDED ENTRY--TOPICAL TERM
Topical term or geographic name as entry element Management Accounting.
General subdivision Undergraduate Thesis.
9 (RLIN) 57458
700 ## - ADDED ENTRY--PERSONAL NAME
Personal name Pejo, Cliff Van Niño E.
9 (RLIN) 57459
700 ## - ADDED ENTRY--PERSONAL NAME
Personal name Gargar, Jusyl Y.
9 (RLIN) 57460
942 ## - ADDED ENTRY ELEMENTS (KOHA)
Source of classification or shelving scheme Dewey Decimal Classification
Koha item type Undergraduate Thesis
Holdings
Withdrawn status Lost status Source of classification or shelving scheme Damaged status Not for loan Collection code Home library Current library Date acquired Total Checkouts Full call number Date last seen Price effective from Koha item type
    Dewey Decimal Classification     Undergraduate Theses UM Digos College - LIC UM Digos College - LIC 10/05/2024   UT 08/12/2024 08/12/2024 Undergraduate Thesis